[Event "Santiago Endesa Interempresas tt-B"]
[Site "Santiago de Chile"]
[Date "2010.08.03"]
[Round "4"]
[White "Cuevas Araya, Walter"]
[Black "Escalona Riveros, Felipe"]
[Result "1-0"]
[WhiteElo "2204"]
[BlackElo "1777"]
[PlyCount "71"]
[EventDate "2010.07.13"]
[EventType "team"]
[EventRounds "11"]
[EventCountry "CHI"]
[SourceTitle "EXT 2012"]
[Source "ChessBase"]
[SourceDate "2011.11.24"]
[SourceVersion "1"]
[SourceVersionDate "2011.11.24"]
[SourceQuality "1"]

1. e4 c6 2. d4 d5 3. Nc3 dxe4 4. Nxe4 Bf5 5. Ng3 Bg6 6. h4 h6 7. Nf3 Nd7 8. h5 Bh7 9. Bd3 Bxd3 10. Qxd3 Ngf6 11. Bf4 e6 12. 0-0-0 Nd5 13. Bd2 Bd6 14. Ne4 Bc7 15. c3 Qe7 16. c4 N5f6 17. Bc3 Rd8 18. Qe2 Nxe4 19. Qxe4 Nf6 20. Qe2 a6 21. Nh4 b5 22. b3 Qa3+ 23. Kb1 0-0 24. Bb2 Qb4 25. Rc1 Bb6 26. Nf3 Rfe8 27. g4 Nxg4 28. Rhg1 f5 29. c5 Bc7 30. Bc3 Qa3 31. Ne1 b4 32. Nc2 Qa5 33. Nxb4 Qb5 34. Qxb5 cxb5 35. Nxa6 Bf4 36. Rc2 1-0

[Event "Santiago Endesa Interempresas tt-B"]
[Site "Santiago de Chile"]
[Date "2010.07.20"]
[Round "2"]
[White "Perez Gormaz, Matias Ariel"]
[Black "Escalona Riveros, Felipe"]
[Result "1-0"]
[WhiteElo "2047"]
[BlackElo "1777"]
[PlyCount "41"]
[EventDate "2010.07.13"]
[EventType "team"]
[EventRounds "11"]
[EventCountry "CHI"]
[SourceTitle "EXT 2012"]
[Source "ChessBase"]
[SourceDate "2011.11.24"]
[SourceVersion "1"]
[SourceVersionDate "2011.11.24"]
[SourceQuality "1"]

1. Nf3 Nf6 2. b3 d5 3. Bb2 e6 4. e3 c5 5. Ne5 a6 6. Be2 Bd6 7. 0-0 Qc7 8. f4 Nc6 9. Nxc6 Qxc6 10. d3 Bd7 11. Nd2 Qc7 12. Nf3 Ng4 13. Qd2 Nxe3 14. Qxe3 Bxf4 15. Qf2 d4 16. Kh1 Bc6 17. Nxd4 Bxh2 18. Nxc6 bxc6 19. Qxc5 Bd6 20. Qc3 Qe7 21. Qxc6+ 1-0